| 000 | 004740000a22001690004500 | ||
|---|---|---|---|
| 090 |
_aAR _b02641 |
||
| 245 | 1 | 0 | _aBryophyte flora of Michigan |
| 650 | 1 | 4 |
_aFlora _992293 |
| 650 | 1 | 4 |
_aBotánica _9361 |
| 650 | 1 | 4 |
_aBriofitas _993843 |
| 650 | 1 | 4 |
_aInventarios de flora _993543 |
| 651 | 4 |
_dMichigan _pEstados Unidos _992749 |
|
| 041 | 0 | _aInglés | |
| 100 | 1 |
_aCampbell Steere, William _996142 |
|
| 942 | _cARTICULO | ||
| 773 | 1 |
_tAcademy of Science for 1955 _3189 _q32-56 _d1947? _g31 |
|
| 999 |
_c11703 _d11703 |
||